<?xml version="1.0" encoding="UTF-8"?>
<collection xmlns="http://www.loc.gov/MARC21/slim">
 <record>
  <leader>01409nam a22002177a 4500</leader>
  <controlfield tag="001">NCT_85472</controlfield>
  <controlfield tag="008">201001b        xxu||||| |||| 00| 0 vie d</controlfield>
  <datafield tag="999" ind1=" " ind2=" ">
   <subfield code="c">4222</subfield>
   <subfield code="d">4222</subfield>
  </datafield>
  <datafield tag="020" ind1="0" ind2="4">
   <subfield code="a">9786049315145</subfield>
   <subfield code="c">199000</subfield>
  </datafield>
  <datafield tag="082" ind1="0" ind2="4">
   <subfield code="2">23rd ed.</subfield>
   <subfield code="a">658.4</subfield>
   <subfield code="b">S947</subfield>
  </datafield>
  <datafield tag="100" ind1="1" ind2=" ">
   <subfield code="a">Sugars, Bradley J.</subfield>
  </datafield>
  <datafield tag="245" ind1="1" ind2="0">
   <subfield code="a">Huấn luyện viên kinh doanh =</subfield>
   <subfield code="b">The business coach</subfield>
   <subfield code="c">Bradley J. Sugars. ; Nguyên Thanh (Dịch) ; Thu Ngô (Hiệu đính)</subfield>
  </datafield>
  <datafield tag="260" ind1=" " ind2=" ">
   <subfield code="a">H.</subfield>
   <subfield code="b">Công thương</subfield>
   <subfield code="c">2020</subfield>
  </datafield>
  <datafield tag="300" ind1=" " ind2=" ">
   <subfield code="a">319 tr.</subfield>
   <subfield code="b">Minh họa</subfield>
   <subfield code="c">23cm</subfield>
  </datafield>
  <datafield tag="520" ind1="3" ind2=" ">
   <subfield code="a">Sách trình bày những câu chuyện cơ bản về kinh doanh cho các chủ doanh nghiệp mới khởi nghiệp và đã có kinh nghiệm. Cách xác định chính xác lĩnh vực có vấn đề, xây dựng chiến lược giành chiến thắng và đo lường tiến trình. Những bí quyết để đạt được tự do tài chính thực sự bằng cách xây dựng một công ty có thể tự vận hành thành công.</subfield>
  </datafield>
  <datafield tag="653" ind1=" " ind2=" ">
   <subfield code="a">Quản trị kinh doanh</subfield>
  </datafield>
  <datafield tag="700" ind1="0" ind2=" ">
   <subfield code="a">Nguyên Thanh </subfield>
   <subfield code="e">Dịch</subfield>
  </datafield>
  <datafield tag="700" ind1="0" ind2=" ">
   <subfield code="a">Thu Ngô </subfield>
   <subfield code="e">Hiệu đính</subfield>
  </datafield>
  <datafield tag="942" ind1=" " ind2=" ">
   <subfield code="2">ddc</subfield>
   <subfield code="c">BK</subfield>
  </datafield>
  <datafield tag="952" ind1=" " ind2=" ">
   <subfield code="0">0</subfield>
   <subfield code="1">0</subfield>
   <subfield code="2">ddc</subfield>
   <subfield code="4">0</subfield>
   <subfield code="6">658_400000000000000_S947</subfield>
   <subfield code="7">0</subfield>
   <subfield code="9">20348</subfield>
   <subfield code="a">000001</subfield>
   <subfield code="b">000001</subfield>
   <subfield code="d">2020-10-01</subfield>
   <subfield code="o">658.4 S947</subfield>
   <subfield code="p">MD.17670</subfield>
   <subfield code="r">2020-10-01</subfield>
   <subfield code="v">199000.00</subfield>
   <subfield code="w">2020-10-01</subfield>
   <subfield code="y">BK</subfield>
  </datafield>
  <datafield tag="980" ind1=" " ind2=" ">
   <subfield code="a">Thư viện Trường Đại học Nam Cần Thơ</subfield>
  </datafield>
 </record>
</collection>
